Rozhoduje vyšportovaná postava Ovisnuté zadky na súťažiach fitness nestretnete

Bibliographic Details
Main Author: Némethová, Renáta (Author)
Format: Article
Language:Slovak
Subjects:

MARC

LEADER 00000nab a2200000 a 4500
001 vtls000894170
003 SK-MaSNL
005 20260302175609.0
008 040720e19950612xo 0 slo
035 |a KE3204 
040 |a KEVKJB  |b slo  |c KEVKJB  |e AACR2 
041 0 |a slo 
044 |a xo  |c SK 
080 |a 796.015.52  |2 1981 
080 |a 929  |2 1981 
100 1 |a Némethová, Renáta  |4 aut  |9 826895 
245 1 0 |a Rozhoduje vyšportovaná postava  |b Ovisnuté zadky na súťažiach fitness nestretnete 
590 |a Práczelová, Monika 1969-,  |b fitnesska, farmaceutická laborantka 
600 1 7 |a Práczelová, Monika 1969-,  |2 KEVKJB  |9 885594 
611 1 7 |a FIT plus LADY Slovakia (súťaž)  |2 KEVKJB  |9 887013 
650 0 7 |a fitnes  |2 KEVKJB  |9 31481 
650 0 7 |a príprava vydania  |2 KEVKJB  |9 886503 
650 0 7 |a rozhovory  |2 KEVKJB  |9 453585 
651 7 |a KE,  |2 KEVKJB  |9 877256 
651 7 |a KE,  |2 KEVKJB  |9 877256 
655 7 |a periodikum  |2 snkbucl  |9 29553 
773 0 8 |t Korzo  |g Roč. 2  |g Roč. 28, č.135, 12.6.1995, s. 12 
852 |a ZVYKNI  |b KIS3GCP 
999 |c 1407621  |d 1409551